Psv - Tous les joueurs de 2010 à 2025 - Statistiques

Statistiques générales
  • Ce quiz a été pris 23 fois
    15 depuis la dernière actualisation
  • Le résultat moyen est 27 sur 176
Statistiques - réponses
Saison Nationalité Joueur Nombre
De Matchs
Poste % Correct
2014 - 20192022 - 2025 Pays - Bas LuukDe Jong 338 A
100%
2016 - 2017 Pays - Bas SiemDe Jong 23 M
100%
2017 - 2023 Pays - Bas CodyGakpo 159 A
80%
2022 - Pays - Bas GuusTil 135 M
80%
2021 - Pays - Bas JoeyVeerman 155 M
80%
2022 - 2025 Argentine WalterBenitez 134 G
80%
2014 - 2017 Mexique AndresGuardado 102 M
60%
2017 - 20192023 - 2025 Mexique HirvingLozano 124 A
60%
2020 - Maroc IsmaelSaibari 105 M/A
60%
2024 - 2025 Croatie IvanPerisic 35 A
60%
2018 - 2019 Pays - Bas JordanTeze 189 D
60%
2011 - 2015 Pays - Bas MemphisDepay 124 A
60%
2023 - 2025 Pays - Bas NoaLang 63 A
60%
2019 - 2025 France OlivierBoscagli 204 D
60%
2023 - Etats - Unis RicardoPepi 68 A
60%
2024 - Pays - Bas RyanFlamingo 49 D
60%
2013 - 2018 Colombie SantiagoArias 172 D
60%
2017 - 20192020 - Pays - Bas ArmandoObispo 103 D
40%
2019 - 20202021 - 2022 Portugal Bruma 81 A
40%
2018 - 2021 Pays - Bas DenzelDumfries 124 D
40%
2017 - 2021 Pays - Bas DonyellMalen 116 A
40%
2011 - 2015 Pays - Bas GeorginioWijnaldum 154 M
40%
2015 - 2017 Mexique HectorMoreno 80 D
40%
2013 - 2016 Pays - Bas JeffreyBruma 129 D
40%
2013 - 2020 Pays - Bas JeroenZoet 259 G
40%
2011 - 2017 Pays - Bas JetroWillems 192 D
40%
2013 - 2014 Corée Du Sud Ji - SungPark 27 M
40%
2021 - 2025 Belgique JohanBakayoko 130 A
40%
2023 - 2025 Etats - Unis MalikTillman 73 M
40%
2010 - 2011 Suède MarcusBerg 41 A
40%
2017 - 20192020 - Brésil MauroJunior 163 D
40%
2014 - 2019 France NicolasIsimat - Mirin 130 D
40%
2010 - 2014 Suède OlaToivonen 136 M/A
40%
2021 - 2023 Autriche PhilippMwene 73 D
40%
2023 - Etats - Unis SerginoDest 44 D
40%
2023 - 2025 Pays - Bas TygoLand 10 M
40%
2010 - 2013 Pays - Bas WilfriedBouma 108 D
40%
2022 - 2023 Pays - Bas XaviSimons 48 M
40%
2021 - 2024 Brésil AndreRamalho 128 D
20%
2022 - 2023 Pays - Bas AnwarEl Ghazi 33 A
20%
2010 - 2013 Canada AtibaHutchinson 115 M
20%
2013 - 2014 Costa Rica BryanRuiz 14 A
20%
2024 - Maroc CouhaibDriouech 21 A
20%
2016 - 2020 Allemagne DanielSchwaab 130 D
20%
2011 - 2013 Belgique DriesMertens 88 A
20%
2020 - 2022 Israel EranZahavi 79 A
20%
2018 - 2023 Mexique ErickGuttierez 141 M
20%
2010 - 2013 Pays - Bas ErikPieters 75 D
20%
2010 - 2011 Mexique FranciscoRodriguez 31 D
20%
2015 - 2020 Uruguay GastonPereiro 154 M
20%
2010 - 20112019 - 2020 Pays - Bas IbrahimAfellay 30 M
20%
2020 - 2023 CoteD'ivoire IbrahimSangare 140 M
20%
2023 - 2025 Pays - Bas IsaacBabadi 35 M
20%
2023 - Pays - Bas JerdySchouten 70 M
20%
2010 - 2013 Pays - Bas JeremainLens 138 A
20%
2021 - 2025 Pays - Bas JoelDrommel 66 G
20%
2013 - 2015 Pays - Bas KarimRekik 69 D
20%
2011 - 2013 Pays - Bas KevinStrootman 88 M
20%
2024 - 2025 Espagne LucasPerez 3 A
20%
2012 - 2017 Pays - Bas LucianoNarsingh 159 A
20%
2015 - 20182020 - 2023 Pays - Bas MarcoVan Ginkel 118 M
20%
2020 - 2022 Allemagne MarioGotze 77 M
20%
2012 - 2013 Pays - Bas MarkVan Bommel 35 M
20%
2015 - 2016 Belgique MaximeLestienne 19 A
20%
2010 - 2011 Maroc NordinAmrabat 13 A
20%
2022 - 2024 Pays - Bas PatrickVan Aanholt 52 D
20%
2020 - 2023 Allemagne PhilippMax 117 D
20%
2014 - 2017 Pays - Bas RemkoPasveer 18 G
20%
2019 - 2020 Suisse RicardoRodriguez 6 D
20%
2024 - 2025 Pays - Bas RickKarsdorp 20 D
20%
2015 - 2017 Danemark SimonPoulsen 5 D
20%
2022 - 2023 Belgique ThorganHazard 13 A
20%
2019 - 2021 Allemagne TimoBaumgartl 36 D
20%
2020 - 2022 Suisse YvonMvogo 52 G
20%
2010 - 20122013 - 2015 RépubliqueDémocratique Du Congo AbelTamata 41 D
0%
2024 - BurkinaFaso AdamaNagalo 12 D
0%
2013 - 20162017 - 2018 Pays - Bas AdamMaher 106 M
0%
2020 - 2021 Allemagne AdrianFein 18 M
0%
2017 - 2018 Islande AlbertGudmundsson 12 A
0%
2014 - 2015 Monténégro AleksandarBoljevic 1 A
0%
2019 - 2020 Bosnie AmarCatic 2 A
0%
2010 - 2012 Suède AndreasIsaksson 83 G
0%
2018 - 2019 Espagne Angelino 43 D
0%
2023 - 2024 Allemagne ArmelBella - Kotchap 6 D
0%
2018 - 2019 Australie AzizBehich 6 D
0%
2010 - 2011 Hongrie BalazsDzsudzsak 49 M/A
0%
2016 - 2019 Pays - Bas BartRamselaar 76 M
0%
2012 - 20132022 - 2024 Pays - Bas BoyWaterman 42 G
0%
2010 - 2011 Belgique BramCastro 1 G
0%
2021 - 2022 Brésil CarlosVinicius 38 A
0%
2010 - 2011 Brésil Cassio 4 G
0%
2010 - 2011 Pays Bas DannyKoevermans 20 A
0%
2017 - 2019 Belgique DanteRigo 9 M
0%
2015 - 20172021 - 2022 Pays - Bas DavyPropper 105 M
0%
2021 - 2022 Pays - Bas DennisVos 1 D
0%
2017 - 2018 Pays - Bas DerrickLuckassen 25 D
0%
2018 - 2019 Pays - Bas DirkAbels 1 D
0%
2017 - 2019 Curacao EloyRoom 5 G
0%
2022 - 2025 Pays - Bas EmmanuelVan De Blaak 1 D
0%
2024 - Bosnie EsmirBajraktarevic 5 A
0%
2022 - 2023 Portugal FabioSilva 19 A
0%
2013 - 2017 Suriname FlorianJozefzoon 64 A
0%
2021 - 2023 Belgique FodéFofana 3 A
0%
2020 - 2025 Norvège FredrikOppegard 20 D
0%
2010 - 2012 Belgique FunsoOjo 13 M
0%
2010 - 2012 Pays - Bas GeneroZeefuik 10 A
0%
2012 - 2013 Curacao GianlucaMaria 1 A
0%
2011 - 2012 Nigéria IbrahimRabiu 4 M
0%
2010 - 20112012 - 2013 Serbie JagosVukovic 10 D
0%
2011 - 2012 Pays - Bas JanVennegor Of Hesselink 18 A
0%
2022 - 2023 Angleterre JarradBranthwaite 36 D
0%
2021 - 2022 Pays - Bas JensonSeelt 1 D
0%
2020 - 2022 Curacao JeremyAntonisse 2 A
0%
2023 - 2025 Pays - Bas JesperUneken 1 A
0%
2020 - 2021 Pays - Bas JoelPiroe 14 A
0%
2010 - 2011 Brésil JonathanReis 15 A
0%
2015 - 2018 Pays - Bas JordyDe Wijs 5 D
0%
2013 - 2021 Pays - Bas JorritHendrix 239 M
0%
2012 - 2018 Curacao JoshuaBrenet 150 D
0%
2011 - 2018 Curacao JurgenLocadia 176 A
0%
2017 - 2018 Suriname KennethPaal 6 D
0%
2011 - 2012 Maroc KhalidSinouh 2 G
0%
2022 - 2023 Pays - Bas Ki - JanaHoever 8 D
0%
2019 - 2020 Grèce KostasMitroglou 18 A
0%
2019 - 2021 Allemagne LarsUnnerstall 22 G
0%
2020 - 2022 Brésil LuisFelipe 1 D
0%
2011 - 2012 Pays - Bas MaikelVerkoelen 2 D
0%
2011 - 20132014 - 2015 Autriche MarcelRitzmaier 27 M
0%
2010 - 2013 Brésil Marcelo 139 D
0%
2020 - 2021 Norvège MathiasKjolo 1 M
0%
2012 - 2014 Danemark MathiasZanka Jorgensen 23 D
0%
2024 - 2025 Belgique MatteoDams 24 D
0%
2018 - 2019 Belgique MatthiasVerreth 3 M
0%
2018 - 20192020 - 2022 Argentine MaximilianoRomero 17 A
0%
2014 - 20152016 - 2017 Pays - Bas MennoKoch 2 D
0%
2024 - Pays - Bas MichaelBresser 1 D
0%
2018 - 2021 RépubliqueTchèque MichalSadilek 40 M
0%
2018 - 2021 Pays - Bas MohamedIhattaren 74 M
0%
2018 - 2021 Pays - Bas NickViergever 104 D
0%
2012 - 2015 Pays - Bas NigelBertrams 1 G
0%
2019 - 2023 Angleterre NoniMadueke 80 A
0%
2016 - 2017 Ukraine OleksandrZinchenko 17 D
0%
2010 - 2013 Pays - Bas OrlandoEngelaar 77 M
0%
2012 - 2015 Suède OscarHiljemark 65 M
0%
2010 - 2011 Pays - Bas OtmanBakkal 39 M
0%
2016 - 2021 Pays - Bas PabloRosario 138 M
0%
2012 - 2014 Pays - Bas PeterVan Ooijen 7 A
0%
2011 - 2014 Pologne PrzemyslawTyton 38 G
0%
2014 - 2016 Pays - Bas RaiVloet 16 M
0%
2016 - 2019 Suède Ramon PascalLundqvist 6 M
0%
2020 - 2025 Etats - Unis RichardLedezma 52 D/M
0%
2012 - 2013 Pays - Bas RikSchouw 1 M
0%
2019 - 20202021 - 2022 Japon RitsuDoan 64 A
0%
2019 - 2020 Pays - Bas RobbinRuiter 2 G
0%
2018 - 2022 Nouvelle Zélande RyanThomas 48 M
0%
2016 - 20182019 - 2020 Pays - Bas SamLammers 29 A
0%
2024 - 2025 Belgique SamuelGomez Van Hoogen 1 D
0%
2022 - 2023 Brésil Savinho 8 A
0%
2020 - 20212023 - 2024 Pays - Bas ShurandySambo 15 D
0%
2010 - 2014 Bulgarie StanislavManolev 79 D
0%
2011 - 2012 Belgique StefanoMarzo 1 D
0%
2010 - 2011 Pays - Bas StefNijland 7 M
0%
2014 - 2020 Pays - Bas StevenBergwijn 149 A
0%
2013 - 2016 Pays - Bas StijnSchaars 56 M
0%
2010 - 2012 Belgique StijnWuytens 20 D
0%
2014 - 2015 Curacao SuentlyAlberto 1 D
0%
2011 - 2014 Slovénie TimMatavz 102 A
0%
2011 - 2013 Belgique TimothyDerijck 62 D
0%
2019 - 2020 Espagne ToniLato 1 D
0%
2018 - 2019 Australie TrentSainsbury 10 D
0%
2024 - 2025 Pays - Bas TyrellMalacia 12 D
0%
2024 - Pays - Bas WesselKuhn 3 D
0%
2020 - 2024 Belgique YorbeVertessen 102 A
0%
2018 - 2019 Maroc ZakariaAboukhlal 2 A
0%
2013 - 2014 Belgique ZakariaBakkali 24 A
0%
2010 - 2012 Maroc ZakariaLabyad 67 M
0%
Aucun quiz correspondant
Distribution des résultats
% des personnes avec chaque résultat
Percentile par nombre de réponses
Votre historique - résultats
Vous n’avez pas pris ce quiz depuis la dernière actualisation